| 000 | 00978nam a2200277Ia 4500 | ||
|---|---|---|---|
| 003 | OSt | ||
| 005 | 20221005110130.0 | ||
| 006 | a|||||r|||| 00| 0 | ||
| 007 | ta | ||
| 008 | 221004b |||||||| |||| 00| 0 hin d | ||
| 020 |
_a9788172014742 (pbk) _cINR 150.00 |
||
| 024 | _a37338 | ||
| 037 |
_bBW/1665, 14/03/2018, Bookwell _cTextual |
||
| 040 |
_aCRL _cCRL _bhin |
||
| 041 |
_2hin _ahin |
||
| 082 | _aO152,6N07:g, Q7 | ||
| 100 | _aगुप्त, जगदीश, ले. | ||
| 245 | 0 | _aमहादेवी वर्मा | |
| 246 | _aMahādevī varmā | ||
| 260 |
_aनई दिल्ली _bसाहित्य अकादेमी भारत _c2017 |
||
| 300 |
_a164पृ0 _ccm. |
||
| 650 | _a हिन्दी साहित्य | ||
| 650 | _aहिन्दी निबंध | ||
| 942 |
_hO152,6N07:g, Q7 _cTEXL _2cc |
||
| 999 |
_c1017902 _d1017902 |
||